Real Madrid - Sevilla FC UEFA Super Cup 2016 - Statistics

General Stats
  • This quiz has been taken 220 times
  • The average score is 17 of 30
Answer Stats
Answer % Correct
Sergio Ramos ¹
98%
Marcelo
95%
Raphaël Varane
95%
Daniel Carvajal ¹
94%
Karim Benzema
94%
Casemiro
93%
Luka Modric
93%
Isco
89%
Kiko Casilla
83%
Marco Asensio ¹
81%
Zinédine Zidane
78%
Alvaro Morata
71%
Lucas Vazquez
70%
Franco Vazquez ¹
61%
James Rodriguez
56%
Mateo Kovacic
55%
Sergio Rico
43%
Steven N'Zonzi
34%
Mariano
32%
Victor Vitolo
31%
Adil Rami
30%
Jorge Sampaoli
27%
Vicente Iborra
25%
Yevhen Konoplyanka ¹
25%
Daniel Carriço
23%
Luciano Vietto
22%
Nicolas Pareja
19%
Timothée Kolodziejczak
19%
Matias Kranevitter
13%
Hiroshi Kiyotake
11%
No matching quizzes found
Score Distribution
Percent of People with Each Score
Percentile by Number Answered
Your Score History
You have not taken this quiz